[Event "6th EICC"]
[Site "Warsaw POL"]
[Date "2005.06.19"]
[Round "2"]
[White "Bruno,F"]
[Black "Nyback,T"]
[Result "0-1"]
[WhiteElo "2374"]
[BlackElo "2551"]
[EventDate "2005.06.18"]

1. d4 Nf6 2. c4 e6 3. Nc3 Bb4 4. Qc2 c5 5. dxc5 O-O 6. Bg5 Na6 7. a3 Bxc3+
8. Qxc3 Nxc5 9. Bxf6 Qxf6 10. Qxf6 gxf6 11. b4 Na4 12. e3 b6 13. Nf3 Ba6
14. Rd1 Rfd8 15. Rd6 Rac8 16. Nd2 Kf8 17. Be2 Ke7 18. Rd4 d5 19. b5 e5 20.
Rh4 Bxb5 21. cxb5 Rc1+ 22. Bd1 Nc3 23. O-O Rxd1 24. Rxd1 Nxd1 25. Rxh7 Rc8
26. Nf1 Nc3 27. h4 Nxb5 28. h5 Nxa3 29. Ng3 Ke6 30. h6 Nc4 31. Nh5 Nd6 32.
f4 a5 33. g4 a4 34. Ng7+ Ke7 35. g5 a3 36. gxf6+ Kd7 37. fxe5 a2 38. e6+
Kc6 0-1

[Event "6th EICC"]
[Site "Warsaw POL"]
[Date "2005.06.19"]
[Round "2"]
[White "Sulskis,S"]
[Black "Marzolo,C"]
[Result "1/2-1/2"]
[WhiteElo "2545"]
[BlackElo "2388"]
[EventDate "2005.06.18"]

1. e4 c5 2. Nf3 e6 3. d4 cxd4 4. Nxd4 a6 5. Bd3 Nf6 6. O-O d6 7. c4 Be7 8.
b3 b6 9. Bb2 Bb7 10. Nc3 Nbd7 11. Qe2 O-O 12. f4 g6 13. Rad1 Qc7 14. Bb1
Rfe8 15. Kh1 Rad8 16. f5 exf5 17. Nxf5 Bf8 18. Ne3 Kg7 19. Qd2 Qc5 20. Ned5
Bxd5 21. exd5 Qe3 22. Qxe3 Rxe3 23. Na4 b5 24. cxb5 axb5 25. Nc3 Ng4 26.
Rc1 Ree8 27. Bd3 b4 1/2-1/2

[Event "6th EICC"]
[Site "Warsaw POL"]
[Date "2005.06.19"]
[Round "2"]
[White "Mchedlishvili,M"]
[Black "Dworakowska,J"]
[Result "1-0"]
[WhiteElo "2518"]
[BlackElo "2383"]
[EventDate "2005.06.18"]

1. d4 Nf6 2. c4 g6 3. Nc3 Bg7 4. e4 d6 5. Nf3 O-O 6. h3 e5 7. d5 Na6 8. Bg5
h6 9. Be3 Nc5 10. Nd2 a5 11. Be2 Bd7 12. b3 Nh7 13. h4 f5 14. h5 Nf6 15.
hxg6 Ncxe4 16. Ndxe4 Nxe4 17. Nxe4 fxe4 18. Bg4 Rf6 19. Bxd7 Qxd7 20. Qh5
Raf8 21. Rh3 Qe8 22. Rg3 Rf5 23. Qh3 Rf4 24. Rc1 R4f6 25. Bxh6 Rxg6 26.
Rxg6 Qxg6 27. Be3 b6 28. Ke2 Rf5 29. Rh1 Kf7 30. Rh2 Ke8 31. Qh7 Qg4+ 32.
Ke1 Rf7 33. Qh5 Qd7 34. Rh4 b5 35. Rxe4 bxc4 36. Rxc4 Qb5 37. Rxc7 Qxd5 38.
Qxf7+ Qxf7 39. Rxf7 Kxf7 40. a4 e4 41. Bd2 d5 42. f3 1-0

[Event "6th EICC"]
[Site "Warsaw POL"]
[Date "2005.06.19"]
[Round "2"]
[White "Frolyanov,D"]
[Black "Bednarek,S"]
[Result "1-0"]
[WhiteElo "2505"]
[BlackElo "2321"]
[EventDate "2005.06.18"]

1. e4 c5 2. Nf3 Nc6 3. Nc3 Nf6 4. Bb5 Nd4 5. e5 Nxb5 6. Nxb5 Ng8 7. O-O a6
8. Nc3 d5 9. exd6 Qxd6 10. d4 cxd4 11. Ne4 Qd5 12. Re1 Nf6 13. c4 Qd8 14.
Qa4+ b5 15. cxb5 Qd7 16. Nxf6+ gxf6 17. Qxd4 Rg8 18. bxa6 Rxa6 19. Qxd7+
Bxd7 20. Nd4 e5 21. Nb3 Rg4 22. Be3 Rb4 23. Bd2 Rba4 24. Nc1 Bc6 25. a3 Rg4
26. g3 Bb5 27. Ne2 Bc5 28. Nc3 Bd3 29. Be3 Be7 30. Rad1 Bc2 31. Rc1 Bb3 32.
Nb5 Ra5 33. Rc8+ Kd7 34. Rc7+ Ke6 35. Rb7 Bc4 36. Nc3 h5 37. Rd1 h4 38. h3
Rg8 39. g4 Rd8 40. Rxe7+ Kxe7 41. Rxd8 1-0

[Event "6th EICC"]
[Site "Warsaw POL"]
[Date "2005.06.19"]
[Round "2"]
[White "Godlauskas,K"]
[Black "Pavlovic,Mi"]
[Result "0-1"]
[WhiteElo "2193"]
[BlackElo "2475"]
[EventDate "2005.06.18"]

1. e4 c5 2. Nf3 d6 3. d4 cxd4 4. Nxd4 Nf6 5. Nc3 a6 6. Be2 e5 7. Nb3 Be7 8.
O-O O-O 9. Kh1 Nc6 10. Be3 Be6 11. f3 Na5 12. Nxa5 Qxa5 13. Qd2 Qc7 14. a4
Rfd8 15. a5 Qc6 16. Bb6 Rd7 17. Qe3 Re8 18. Rfd1 h5 19. f4 Bg4 20. Bf3 Bd8
21. Ba7 Bxf3 22. gxf3 exf4 23. Qxf4 d5 24. exd5 Nxd5 25. Nxd5 Rxd5 26. Rxd5
Qxd5 27. Rg1 g6 28. Bd4 Re2 29. Rg2 Re1+ 30. Rg1 Bc7 31. Qf6 Be5 32. Bxe5
Rxe5 33. Rf1 Qxa5 34. Rd1 Re1+ 35. Rxe1 Qxe1+ 36. Kg2 Qd2+ 37. Kg3 Qxc2 38.
Qd8+ Kh7 39. Qd7 Qb3 40. Kf4 b5 41. Qa7 a5 42. Qxa5 Qxb2 43. Kg3 b4 44. Qd5
Kg7 0-1

[Event "6th EICC"]
[Site "Warsaw POL"]
[Date "2005.06.19"]
[Round "2"]
[White "Khismatullin,D"]
[Black "Dreev,A"]
[Result "0-1"]
[WhiteElo "2572"]
[BlackElo "2705"]
[EventDate "2005.06.18"]

1. d4 d5 2. c4 c6 3. Nf3 Nf6 4. e3 Bf5 5. Nc3 e6 6. Nh4 Bg6 7. Qb3 Qc7 8.
Nxg6 hxg6 9. h3 Nbd7 10. Bd2 Nb6 11. cxd5 exd5 12. Bd3 Be7 13. O-O-O a5 14.
Kb1 a4 15. Qc2 Nc4 16. Bxc4 dxc4 17. Nxa4 O-O 18. h4 Ra7 19. Nc5 Rfa8 20.
a3 b6 21. Ne4 Nxe4 22. Qxe4 Bxa3 23. Bc3 Qe7 24. Qxe7 Bxe7 25. Kc2 b5 26.
d5 cxd5 27. Rxd5 b4 28. Bd4 Ra1 29. Rxa1 Rxa1 30. h5 Rf1 31. e4 gxh5 32.
Rxh5 Bf6 33. Bxf6 Rxf2+ 34. Kd1 Rxf6 35. Rc5 Rf2 36. Rxc4 b3 37. Rb4 Rxb2
38. g3 Kh7 39. Rb7 f6 40. Rb6 Kg8 41. Rb7 Kh7 42. Rb6 Rb1+ 43. Kd2 b2 44.
Kc3 Kg6 45. e5 Re1 46. Rxb2 Rxe5 47. Kd3 Rg5 48. Rg2 Kf5 49. Ke2 Kg4 50.
Kf2 Rf5+ 51. Kg1 Rf3 52. Kh2 f5 0-1

[Event "6th EICC"]
[Site "Warsaw POL"]
[Date "2005.06.19"]
[Round "2"]
[White "Tregubov,P"]
[Black "Balogh,C"]
[Result "1/2-1/2"]
[WhiteElo "2612"]
[BlackElo "2531"]
[EventDate "2005.06.18"]

1. d4 Nf6 2. c4 g6 3. g3 Bg7 4. Bg2 d5 5. cxd5 Nxd5 6. e4 Nb6 7. Ne2 c5 8.
d5 e6 9. O-O O-O 10. Nbc3 Na6 11. Nf4 exd5 12. Nfxd5 Nxd5 13. exd5 Qb6 14.
d6 Be6 15. Nd5 Bxd5 16. Qxd5 Rad8 17. Bf4 Nc7 18. Qxb7 Qxb7 19. Bxb7 Ne6
20. Rad1 Nxf4 21. gxf4 Bd4 22. b4 Rxd6 23. bxc5 Bxc5 1/2-1/2

[Event "6th EICC"]
[Site "Warsaw POL"]
[Date "2005.06.19"]
[Round "2"]
[White "Popov,Val"]
[Black "Aronian,L"]
[Result "1/2-1/2"]
[WhiteElo "2568"]
[BlackElo "2693"]
[EventDate "2005.06.18"]

1. d4 Nf6 2. c4 e6 3. Nc3 Bb4 4. Qc2 O-O 5. a3 Bxc3+ 6. Qxc3 b6 7. Nf3 Bb7
8. e3 a5 9. b3 d6 10. Bd3 Nbd7 11. O-O c5 12. Bb2 1/2-1/2

[Event "6th EICC"]
[Site "Warsaw POL"]
[Date "2005.06.19"]
[Round "2"]
[White "Fedorov,Alex"]
[Black "Pantsulaia,L"]
[Result "1/2-1/2"]
[WhiteElo "2602"]
[BlackElo "2496"]
[EventDate "2005.06.18"]

1. e4 c6 2. d4 d5 3. Nc3 dxe4 4. Nxe4 Bf5 5. Ng3 Bg6 6. h4 h6 7. Nf3 Nd7 8.
h5 Bh7 9. Bd3 Bxd3 10. Qxd3 e6 11. Bf4 Qa5+ 12. Bd2 Qc7 13. O-O-O Ngf6 14.
Ne4 O-O-O 15. g3 Nxe4 16. Qxe4 Nf6 17. Qe2 Bd6 18. c4 c5 19. Bc3 cxd4 20.
Nxd4 a6 21. Kb1 Rd7 22. Nb3 Qc6 23. Rhe1 Rhd8 24. g4 Bf4 25. Rxd7 Rxd7 26.
f3 e5 27. Nc1 e4 28. Bxf6 Qxf6 29. Qxe4 Qd4 30. Qe8+ Rd8 31. Qe4 1/2-1/2

[Event "6th EICC"]
[Site "Warsaw POL"]
[Date "2005.06.19"]
[Round "2"]
[White "Dautov,R"]
[Black "Kovacevic,B"]
[Result "1/2-1/2"]
[WhiteElo "2609"]
[BlackElo "2510"]
[EventDate "2005.06.18"]

1. d4 e6 2. c4 Bb4+ 3. Bd2 Bxd2+ 4. Qxd2 Nf6 5. Nf3 O-O 6. g3 d5 7. Bg2
Nbd7 8. O-O c6 9. Rc1 Re8 10. Qc3 dxc4 11. Qxc4 e5 12. dxe5 Nxe5 13. Nxe5
Rxe5 14. Nc3 Be6 15. Qb4 Qb6 16. a3 Bb3 17. e3 Rd8 18. Qxb6 axb6 19. Ne2
Rd2 20. Nd4 Bd5 21. Rc2 1/2-1/2

[Event "6th EICC"]
[Site "Warsaw POL"]
[Date "2005.06.19"]
[Round "2"]
[White "Tiviakov,S"]
[Black "Czarnota,P"]
[Result "1-0"]
[WhiteElo "2631"]
[BlackElo "2478"]
[EventDate "2005.06.18"]

1. e4 c5 2. c3 Nf6 3. e5 Nd5 4. Nf3 Nc6 5. Bc4 Nb6 6. Bb3 c4 7. Bc2 Qc7 8.
Qe2 g5 9. e6 dxe6 10. Nxg5 h6 11. Ne4 Bd7 12. Na3 O-O-O 13. b3 Ne5 14. bxc4
Nexc4 15. d4 Rg8 16. Nxc4 Nxc4 17. O-O Bc6 18. Bd3 Bd5 19. Rb1 f5 20. Ng3
Kd7 21. Rb5 Nd6 22. Rc5 1-0

[Event "6th EICC"]
[Site "Warsaw POL"]
[Date "2005.06.19"]
[Round "2"]
[White "Hulak,K"]
[Black "Asrian,K"]
[Result "1/2-1/2"]
[WhiteElo "2534"]
[BlackElo "2611"]
[EventDate "2005.06.18"]

1. c4 c6 2. d4 d5 3. cxd5 cxd5 4. Nc3 Nf6 5. Nf3 Nc6 6. Bf4 a6 7. Rc1 Bf5
8. e3 Rc8 9. a3 e6 10. Be2 Bd6 11. Bxd6 Qxd6 12. O-O 1/2-1/2

[Event "6th EICC"]
[Site "Warsaw POL"]
[Date "2005.06.19"]
[Round "2"]
[White "Bobras,P"]
[Black "Riazantsev,A"]
[Result "1/2-1/2"]
[WhiteElo "2501"]
[BlackElo "2608"]
[EventDate "2005.06.18"]

1. e4 c6 2. d4 d5 3. Nc3 dxe4 4. Nxe4 Bf5 5. Ng3 Bg6 6. h4 h6 7. Nf3 Nd7 8.
h5 Bh7 9. Bd3 Bxd3 10. Qxd3 e6 11. Bf4 Qa5+ 12. Bd2 Bb4 13. c3 Be7 14. c4
Qc7 15. O-O-O Ngf6 16. Qe2 O-O 17. Ne5 Rfe8 18. Kb1 c5 19. Bf4 1/2-1/2

[Event "6th EICC"]
[Site "Warsaw POL"]
[Date "2005.06.19"]
[Round "2"]
[White "Huzman,A"]
[Black "Dziuba,M"]
[Result "1-0"]
[WhiteElo "2577"]
[BlackElo "2429"]
[EventDate "2005.06.18"]

1. d4 d5 2. c4 c6 3. Nc3 Nf6 4. Nf3 dxc4 5. a4 Bf5 6. Ne5 Nbd7 7. Nxc4 Nb6
8. Ne5 a5 9. g3 e6 10. Bg2 Bb4 11. O-O h6 12. e3 O-O 13. Qe2 Bh7 14. Rd1
Nfd7 15. Nd3 Qe7 16. e4 e5 17. dxe5 Nxe5 18. Nxe5 Qxe5 19. Be3 Bc5 20. Rac1
Bxe3 21. Qxe3 Ra6 22. Bf1 c5 23. Bxa6 bxa6 24. f4 Qe7 25. Nd5 Nxd5 26. Rxd5
Qb7 27. f5 1-0

[Event "6th EICC"]
[Site "Warsaw POL"]
[Date "2005.06.19"]
[Round "2"]
[White "Guseinov,El"]
[Black "Guseinov,G"]
[Result "0-1"]
[WhiteElo "2391"]
[BlackElo "2573"]
[EventDate "2005.06.18"]

1. c4 g6 2. d4 Bg7 3. Nc3 Nf6 4. e4 O-O 5. h3 d6 6. Bg5 c5 7. d5 a6 8. Bd3
b5 9. cxb5 axb5 10. Nxb5 Nxe4 11. Bxe4 Qa5+ 12. Nc3 Bxc3+ 13. bxc3 Qxc3+
14. Bd2 Qe5 15. Ne2 Qxe4 16. Bh6 Qxg2 17. Rg1 Qe4 18. Bxf8 Kxf8 19. Qd2 Ba6
20. Rg4 Qe5 21. Rb1 Bxe2 22. Qxe2 Qxd5 23. Qb2 f6 24. Qb7 Qxb7 25. Rxb7 Nc6
26. Rc7 Ne5 27. Re4 g5 28. Re2 Ra3 29. Kf1 c4 30. Rb2 Kf7 31. Rbb7 Ng6 32.
Ra7 Rc3 33. a4 d5 34. a5 d4 35. a6 d3 36. Rd7 Ra3 37. Kg2 c3 38. Rac7 c2
39. Kh2 Ra1 40. a7 Rxa7 0-1

[Event "6th EICC"]
[Site "Warsaw POL"]
[Date "2005.06.19"]
[Round "2"]
[White "Stefansson,H"]
[Black "Bente,B"]
[Result "1/2-1/2"]
[WhiteElo "2573"]
[BlackElo "2218"]
[EventDate "2005.06.18"]

1. d4 Nf6 2. c4 g6 3. g3 Bg7 4. Bg2 O-O 5. Nf3 d6 6. O-O Nbd7 7. Nc3 e5 8.
e4 exd4 9. Nxd4 Re8 10. Re1 a6 11. h3 Rb8 12. a4 Ne5 13. b3 Bd7 14. Bg5 h6
15. Be3 Qc8 16. f4 Nc6 17. Kh2 Nxd4 18. Bxd4 c5 19. Bxf6 Bxf6 20. Rc1 Bc6
21. Qxd6 Bd4 22. Nd5 Qe6 23. Qc7 b6 24. e5 Bxd5 25. cxd5 Qc8 26. Qxc8 Rexc8
27. d6 Rd8 28. Bd5 Kg7 29. Re2 Rd7 30. Kg2 f6 31. Bc6 Rdd8 32. Kf3 Rdc8 33.
Bd7 Rd8 34. e6 f5 35. b4 Kf6 36. b5 a5 37. Bc6 1/2-1/2

[Event "6th EICC"]
[Site "Warsaw POL"]
[Date "2005.06.19"]
[Round "2"]
[White "Gajewski,G"]
[Black "Babula,V"]
[Result "0-1"]
[WhiteElo "2396"]
[BlackElo "2584"]
[EventDate "2005.06.18"]

1. d4 Nf6 2. c4 e6 3. Nf3 b6 4. Nc3 Bb7 5. a3 d5 6. cxd5 exd5 7. Bg5 Be7 8.
e3 O-O 9. Bd3 Nbd7 10. O-O c5 11. h3 Ne4 12. Bf4 cxd4 13. Nxd4 Nxc3 14.
bxc3 Nc5 15. Bc2 g6 16. Qg4 h5 17. Qg3 Bh4 18. Qf3 Ne4 19. Rad1 Nxc3 20.
Nf5 Nxd1 21. Be5 Bf6 22. Qf4 Nc3 23. Nh6+ Kh7 24. Qf3 Bxe5 25. Nxf7 0-1

[Event "6th EICC"]
[Site "Warsaw POL"]
[Date "2005.06.19"]
[Round "2"]
[White "Kempinski,R"]
[Black "Zaja,I"]
[Result "1/2-1/2"]
[WhiteElo "2627"]
[BlackElo "2489"]
[EventDate "2005.06.18"]

1. c4 b6 2. d4 e6 3. a3 Bb7 4. Nc3 f5 5. d5 Nf6 6. g3 Na6 7. Bg2 Nc5 8. Nh3
Bd6 9. O-O Be5 10. Bd2 O-O 11. Rc1 Nce4 12. Nf4 Bxc3 13. Bxc3 Nxc3 14. Rxc3
e5 15. Nd3 d6 16. b4 a5 17. Qb3 axb4 18. axb4 Qe8 19. c5 Qa4 20. c6 Qxb3
21. Rxb3 Ba6 22. b5 Bc8 23. h4 h6 24. Rd1 g5 25. hxg5 hxg5 26. e3 e4
1/2-1/2

[Event "6th EICC"]
[Site "Warsaw POL"]
[Date "2005.06.19"]
[Round "2"]
[White "Korneev,O"]
[Black "Wells,P"]
[Result "1/2-1/2"]
[WhiteElo "2611"]
[BlackElo "2525"]
[EventDate "2005.06.18"]

1. e4 c5 2. Nf3 Nc6 3. d4 cxd4 4. Nxd4 Nf6 5. Nc3 d6 6. Bg5 e6 7. Qd2 Be7
8. O-O-O O-O 9. Nb3 Qb6 10. f3 Rd8 11. Nb5 Rd7 12. Qe1 a6 13. N5d4 Rd8 14.
Be3 Qc7 15. Nxc6 Qxc6 16. g4 e5 17. g5 Nh5 18. Na5 Qa4 19. Kb1 Be6 20. b3
Qd7 21. Nc4 Qc6 22. h4 d5 23. Nxe5 Qc7 24. f4 Rac8 25. Rh2 dxe4 26. Rxd8+
Rxd8 27. Rd2 Rc8 28. Be2 Ng3 29. Bc4 1/2-1/2

[Event "6th EICC"]
[Site "Warsaw POL"]
[Date "2005.06.19"]
[Round "2"]
[White "Macieja,B"]
[Black "Winants,L"]
[Result "1/2-1/2"]
[WhiteElo "2613"]
[BlackElo "2535"]
[EventDate "2005.06.18"]

1. e4 e5 2. Nf3 Nc6 3. d4 exd4 4. Nxd4 Bc5 5. Nxc6 Qf6 6. Qd2 dxc6 7. Nc3
Ne7 8. Na4 Bd6 9. f4 Qe6 10. Bd3 f5 11. e5 Nd5 12. Qf2 Nb4 13. Bf1 Be7 14.
a3 Nd5 15. Be2 Qf7 16. O-O O-O 17. Nc5 a5 18. Bd2 Rd8 19. Rad1 Bf8 20. Nd3
Be6 21. Be1 b6 22. Qf3 c5 23. Bh4 Be7 24. Bxe7 Nxe7 25. Nf2 Bd5 26. Qe3 Qe6
27. Rd2 Rd7 28. Bb5 Bc6 29. Rxd7 Bxd7 30. Be2 Bc6 31. Rd1 h6 32. Rd2 Kh7
33. Nd1 Rg8 34. Bf3 g5 35. fxg5 Rxg5 36. Re2 Ng6 37. Bxc6 Qxc6 1/2-1/2

[Event "6th EICC"]
[Site "Warsaw POL"]
[Date "2005.06.19"]
[Round "2"]
[White "Eljanov,P"]
[Black "Kritz,L"]
[Result "1/2-1/2"]
[WhiteElo "2641"]
[BlackElo "2549"]
[EventDate "2005.06.18"]

1. d4 Nf6 2. c4 g6 3. Nc3 Bg7 4. e4 d6 5. Nf3 O-O 6. Be2 e5 7. O-O Nc6 8.
d5 Ne7 9. b4 a5 10. Ba3 b6 11. bxa5 Nh5 12. Ne1 Nf4 13. Bf3 f5 14. Nc2 Rxa5
15. Bb4 Ra6 16. a4 fxe4 17. Bxe4 Nf5 18. Kh1 Nh6 19. Ne3 Qh4 20. Ra3 Bd7
21. g3 Qe7 22. Nb5 Nh3 23. Qe2 Ng5 24. Bg2 Bc8 25. a5 e4 26. axb6 Rxb6 27.
Ra7 Rb7 28. Rxb7 Bxb7 29. Ba5 c6 30. dxc6 Bxc6 31. Bb4 Nhf7 32. Rd1 Nf3 33.
Nd5 Qd7 34. Qxe4 N3g5 35. Ne7+ Kh8 36. Qxc6 Qxe7 37. Nxd6 Qe2 38. Rf1 Ne5
39. Qd5 Nd3 40. Qxg5 Nxf2+ 41. Rxf2 Rxf2 42. Qd8+ Rf8 43. Nf7+ Kg8 44. Nh6+
Kh8 45. Nf7+ Kg8 46. Nh6+ Kh8 1/2-1/2

[Event "6th EICC"]
[Site "Warsaw POL"]
[Date "2005.06.19"]
[Round "2"]
[White "Halkias,S"]
[Black "Karjakin,Sergey"]
[Result "0-1"]
[WhiteElo "2549"]
[BlackElo "2635"]
[EventDate "2005.06.18"]

1. d4 d5 2. c4 c6 3. Nc3 Nf6 4. Nf3 e6 5. Bg5 h6 6. Bxf6 Qxf6 7. g3 Nd7 8.
Bg2 dxc4 9. O-O Be7 10. a4 a5 11. Ne4 Qf5 12. Ned2 e5 13. e4 Qe6 14. d5
cxd5 15. exd5 Qxd5 16. Re1 Qe6 17. Nd4 Qf6 18. Nb5 O-O 19. Nc7 Rb8 20. Nd5
Qe6 21. Nxc4 Bc5 22. Qc2 b6 23. Nf4 Qf6 24. Nd5 Qg5 25. Kh1 Bb7 26. Rad1
Kh8 27. h4 Qh5 28. Kh2 Bd4 29. Nf4 exf4 30. Rxd4 fxg3+ 31. fxg3 Nf6 32. Bh3
Rfe8 33. Rdd1 Bf3 34. Rc1 Qc5 35. b3 Ng4+ 36. Bxg4 Bxg4 37. Qb2 Rxe1 38.
Rxe1 Be6 39. Re5 Qc6 40. Qe2 Rc8 41. Re4 Qc5 42. Qd2 Qf5 43. Qf4 Qh3+ 44.
Kg1 Bd5 45. Qg4 Qxg4 46. Rxg4 Bxc4 47. bxc4 Rd8 48. Re4 Rd3 49. Kf2 Rc3 50.
h5 Kg8 51. Re8+ Kh7 52. Rb8 Rxc4 53. Rxb6 Rxa4 54. Rb7 Rg4 55. Rxf7 Rg5 56.
Ra7 Rxh5 57. g4 Rg5 58. Kf3 Kg6 59. Kf4 Kf6 60. Ra8 Ke6 61. Rd8 Ke7 62. Ra8
Kd6 63. Rc8 Kd7 64. Rc4 Rb5 65. Kg3 g5 66. Rd4+ Kc6 67. Rd3 Rd5 68. Rf3 a4
69. Rf6+ Kb5 70. Rxh6 a3 71. Rh8 Ka4 0-1

[Event "6th EICC"]
[Site "Warsaw POL"]
[Date "2005.06.19"]
[Round "2"]
[White "Moiseenko,A"]
[Black "Parligras,M"]
[Result "1/2-1/2"]
[WhiteElo "2665"]
[BlackElo "2560"]
[EventDate "2005.06.18"]

1. d4 Nf6 2. c4 e6 3. Nc3 Bb4 4. Nf3 c5 5. g3 Nc6 6. Bg2 Ne4 7. Bd2 Nxd2 8.
Qxd2 cxd4 9. Nxd4 Ne5 10. Nf3 Nxf3+ 11. Bxf3 O-O 12. O-O Rb8 13. a3 Bxc3
14. Qxc3 b6 15. Rfd1 Bb7 16. Rd4 f5 17. Rad1 Rf7 18. Qd2 Bxf3 19. exf3 Rb7
20. a4 Qc8 21. b3 Qc6 22. Qe3 Qc5 23. R1d3 h6 24. Qd2 Qc7 25. Rd6 Kf8 26.
Kg2 Kg8 27. R3d4 Kf8 28. h4 Ke8 29. b4 Re7 30. f4 Qc8 31. b5 Rc7 32. a5
Rxc4 33. axb6 axb6 34. Rxc4 Qxc4 35. Rxb6 Kf7 36. Kh2 d5 37. Qb2 d4 38. Rd6
d3 39. b6 Rb7 40. Qe5 Qa2 41. Qd4 Qe2 1/2-1/2

[Event "6th EICC"]
[Site "Warsaw POL"]
[Date "2005.06.19"]
[Round "2"]
[White "Volkov,S1"]
[Black "Carlsen,M"]
[Result "1/2-1/2"]
[WhiteElo "2634"]
[BlackElo "2548"]
[EventDate "2005.06.18"]

1. d4 d5 2. c4 c6 3. Nc3 Nf6 4. e3 e6 5. Nf3 Nbd7 6. Qc2 h6 7. Bd2 Bb4 8.
a3 Ba5 9. Bd3 O-O 10. O-O Re8 11. Rad1 e5 12. dxe5 Nxe5 13. Nxe5 Rxe5 14.
cxd5 Nxd5 15. Nxd5 Rxd5 16. Bxa5 Qxa5 17. Bc4 Rxd1 18. Rxd1 Bf5 19. e4 Bg6
20. Bf1 Rd8 21. Qc3 Qb6 22. Rxd8+ Qxd8 23. Qe3 b6 24. b4 Qe7 25. f3 Qe5 26.
Qd3 c5 27. g3 Kh7 28. bxc5 Qxc5+ 29. Kg2 f5 30. exf5 Bxf5 31. Qb3 Qd4 32.
g4 Qd2+ 33. Kg3 Qe1+ 34. Kg2 Qd2+ 35. Kg3 Qe1+ 36. Kg2 Qd2+ 37. Kg3 Qe1+
38. Kg2 Qd2+ 39. Kg3 1/2-1/2

[Event "6th EICC"]
[Site "Warsaw POL"]
[Date "2005.06.19"]
[Round "2"]
[White "Milov,V"]
[Black "Postny,E"]
[Result "1-0"]
[WhiteElo "2653"]
[BlackElo "2556"]
[EventDate "2005.06.18"]

1. d4 d5 2. c4 c6 3. Nc3 Nf6 4. e3 a6 5. Qc2 g6 6. Bd3 Bg7 7. Nf3 O-O 8.
O-O Bg4 9. Ne5 Be6 10. c5 Nbd7 11. Nxd7 Qxd7 12. b4 Bf5 13. a4 Bxd3 14.
Qxd3 Qc7 15. f4 Nd7 16. Bd2 b6 17. Rfc1 a5 18. cxb6 Nxb6 19. bxa5 Nc4 20.
Ne4 Nxe3 21. Bxe3 dxe4 22. Qxe4 Rxa5 23. Qxc6 Qa7 24. Rc4 Rd8 25. Qe4 Rad5
26. Rd1 e6 27. h3 h5 28. Kh2 Qd7 29. Ra1 Ra5 30. Ra2 Kh7 31. Qc2 Rda8 32.
Rc7 Qe8 33. Rb2 R5a7 34. Rxa7 Rxa7 35. Rb5 Kg8 36. Qb3 Ra8 37. a5 Kh7 38.
d5 exd5 39. Rxd5 Qe6 40. Qd3 h4 41. Bf2 Rc8 42. Bxh4 Rc3 43. Rh5+ Kg8 44.
Qd8+ Bf8 45. Bf6 gxh5 46. Bxc3 1-0

[Event "6th EICC"]
[Site "Warsaw POL"]
[Date "2005.06.19"]
[Round "2"]
[White "Iljin,A"]
[Black "Alekseev,Evgeny"]
[Result "0-1"]
[WhiteElo "2484"]
[BlackElo "2597"]
[EventDate "2005.06.18"]

1. d4 Nf6 2. c4 e6 3. Nc3 Bb4 4. Qc2 O-O 5. a3 Bxc3+ 6. Qxc3 b6 7. Bg5 Bb7
8. f3 d5 9. e3 Nbd7 10. Nh3 Rc8 11. cxd5 exd5 12. Bd3 h6 13. Bh4 Qe7 14.
Bf5 g5 15. Bf2 Ba6 16. Qc6 Nb8 17. Qa4 Rcd8 18. O-O-O c5 19. Kb1 Bc8 20.
Bc2 Qb7 21. dxc5 bxc5 22. e4 d4 23. Qc4 Qb6 24. Qb3 Ba6 25. Qxb6 axb6 26.
Rd2 Nc6 27. Rc1 Ne5 28. b3 Nh5 29. Ka2 Rd6 30. Bd1 Nd3 31. Rcc2 Ra8 32. g3
Bb5 33. f4 Nb4+ 34. Kb2 Nxc2 35. Kxc2 Ng7 36. fxg5 Rxa3 37. Kb2 Ra7 38. g4
hxg5 39. Nxg5 Ne6 40. Nf3 Rd8 0-1

[Event "6th EICC"]
[Site "Warsaw POL"]
[Date "2005.06.19"]
[Round "2"]
[White "Lupulescu,C"]
[Black "Sargissian,G"]
[Result "1/2-1/2"]
[WhiteElo "2546"]
[BlackElo "2630"]
[EventDate "2005.06.18"]

1. e4 e5 2. Nf3 Nc6 3. Bb5 Nf6 4. O-O Nxe4 5. d4 Nd6 6. Bxc6 dxc6 7. dxe5
Nf5 8. Qxd8+ Kxd8 9. Nc3 Ne7 10. Ne4 Ng6 11. h3 h6 12. Re1 b6 13. g4 h5 14.
Nh2 hxg4 15. hxg4 Bb4 16. c3 Be7 17. Ng5 Ke8 18. Kg2 f6 19. exf6 gxf6 20.
Ne4 Kf7 21. Kg3 Ne5 22. Be3 Rxh2 23. Kxh2 Bxg4 24. Nd2 Nd3 25. Rh1 Nxb2 26.
Kg3 Bf5 27. Rh4 Nd3 28. f4 Bc5 29. Kf3 Bxe3 30. Kxe3 Re8+ 31. Kf3 Ne1+ 32.
Kf2 Nd3+ 33. Kf3 Nc5 34. Rc1 a6 35. Rh5 Bg6 36. Rh6 Bd3 37. Rh2 Bf5 38. Rh5
Bg6 39. Rh6 Bd3 40. Rh2 Rg8 41. Rh4 Bf5 42. Re1 Rd8 43. Nf1 Rd3+ 1/2-1/2

[Event "6th EICC"]
[Site "Warsaw POL"]
[Date "2005.06.19"]
[Round "2"]
[White "Kurnosov,I"]
[Black "Kobalia,M"]
[Result "1/2-1/2"]
[WhiteElo "2550"]
[BlackElo "2644"]
[EventDate "2005.06.18"]

1. e4 e5 2. Nf3 Nc6 3. Bc4 Bc5 4. b4 Bxb4 5. c3 Be7 6. d4 Na5 7. Be2 d6 8.
Qa4+ c6 9. dxe5 dxe5 10. Nxe5 Nf6 11. O-O b5 12. Qc2 O-O 13. a4 Qc7 14. Nf3
a6 15. Bg5 h6 16. Bh4 Nh5 17. Bxe7 Qxe7 18. Re1 Nf4 19. Bf1 Bg4 20. Nbd2
Qc5 21. e5 Nd5 22. axb5 axb5 23. Ne4 Qb6 24. Nd4 Nb7 25. Rxa8 Rxa8 26. Qd3
Nc5 27. Qg3 Nxe4 28. Rxe4 Bd7 29. e6 Bxe6 30. Nxe6 fxe6 31. Rxe6 Qc5 32.
Rxh6 Nxc3 33. Rh3 Ne4 34. Qb3+ Qd5 35. Qxd5+ cxd5 36. Rd3 b4 37. Rxd5 Ra1
38. f3 b3 39. Rd8+ Kf7 40. fxe4 b2 41. Rb8 1/2-1/2

[Event "6th EICC"]
[Site "Warsaw POL"]
[Date "2005.06.19"]
[Round "2"]
[White "Gdanski,J"]
[Black "Naiditsch,A"]
[Result "0-1"]
[WhiteElo "2544"]
[BlackElo "2626"]
[EventDate "2005.06.18"]

1. e4 e5 2. Nf3 Nc6 3. Bb5 a6 4. Ba4 Nf6 5. O-O Be7 6. Re1 b5 7. Bb3 O-O 8.
h3 Bb7 9. d3 d6 10. a3 Na5 11. Ba2 c5 12. Nbd2 Nc6 13. Nf1 Bc8 14. a4 Be6
15. Bxe6 fxe6 16. c3 Qd7 17. Ng3 h6 18. Bd2 Rfb8 19. Nh2 bxa4 20. Bc1 Na5
21. Rxa4 Nb3 22. Ra2 Kh8 23. Nh5 a5 24. Nxf6 Bxf6 25. Ng4 Qe7 26. Be3 a4
27. f4 exf4 28. Bxf4 Bg5 29. Bxg5 Qxg5 30. Ne3 Qh4 31. Rf1 Rf8 32. Ra3 Qg5
33. Rxf8+ Rxf8 34. Qe2 d5 35. Rxa4 d4 36. Ng4 h5 37. Nh2 Qc1+ 38. Nf1 Nd2
39. Ra8 Rxa8 40. Qxd2 Ra1 41. Qxc1 Rxc1 42. cxd4 cxd4 43. Kf2 e5 44. b4
Rc2+ 45. Kf3 Rb2 46. h4 g6 47. g4 hxg4+ 48. Kxg4 Kg7 49. Kf3 Kh6 0-1

[Event "6th EICC"]
[Site "Warsaw POL"]
[Date "2005.06.19"]
[Round "2"]
[White "Smirnov,P"]
[Black "Baramidze,D"]
[Result "1-0"]
[WhiteElo "2624"]
[BlackElo "2542"]
[EventDate "2005.06.18"]

1. e4 c5 2. Nf3 d6 3. d4 cxd4 4. Nxd4 Nf6 5. Nc3 a6 6. Be3 e5 7. Nf3 Be7 8.
Bc4 Be6 9. Bb3 h6 10. Nh4 Nxe4 11. Nxe4 d5 12. Nf3 dxe4 13. Bxe6 exf3 14.
Qxd8+ Bxd8 15. Bc8 fxg2 16. Rg1 Nd7 17. Bxb7 Rb8 18. Bc6 Ba5+ 19. c3 Ke7
20. O-O-O Rhd8 21. Rxg2 g5 22. h4 f6 23. hxg5 hxg5 24. Rh2 Nf8 25. Bc5+ Ke6
26. Rxd8 Rxd8 27. Bb7 Nd7 28. Ba3 Nb6 29. Rh7 Nd5 30. b4 Bb6 31. c4 1-0

[Event "6th EICC"]
[Site "Warsaw POL"]
[Date "2005.06.19"]
[Round "2"]
[White "Gritsak,O"]
[Black "Najer,E"]
[Result "1/2-1/2"]
[WhiteElo "2537"]
[BlackElo "2615"]
[EventDate "2005.06.18"]

1. Nf3 Nf6 2. c4 c6 3. Nc3 d5 4. e3 a6 5. d4 b5 6. b3 Bf5 7. Bd3 e6 8. Bxf5
exf5 9. Qc2 g6 10. O-O Nbd7 11. Bd2 Rc8 12. a4 bxc4 13. bxc4 Nb6 14. c5 Nc4
15. a5 Bg7 16. Na4 Nxd2 17. Qxd2 Rb8 18. Nb6 Rb7 19. Rab1 O-O 20. Nxd5 Ne4
21. Rxb7 Nxd2 22. Ne7+ Kh8 23. Nxd2 Qxa5 24. Nf3 Qa4 25. Rc7 a5 26. Nxc6
Qb5 27. Nfe5 a4 28. Nxf7+ Rxf7 29. Rxf7 Qxc6 30. Rb1 Kg8 31. Ra7 f4 32.
Rb8+ Bf8 33. Raa8 Qe4 34. Rxf8+ Kg7 35. h3 fxe3 36. fxe3 Qxe3+ 37. Rf2 Qxd4
38. c6 Qd1+ 39. Rf1 Qd4+ 40. Kh1 Qc4 41. Ra7+ Kh6 42. Rff7 Qc1+ 43. Kh2
Qxc6 44. Rxh7+ Kg5 45. Rhd7 Qc8 46. h4+ Kxh4 47. Rxa4+ Kg5 48. Rd3 Kf6 49.
Rf4+ Kg7 50. Rh4 Qc7+ 51. Rg3 Qe5 52. Rhg4 Qh5+ 53. Kg1 Qc5+ 54. Kh2
1/2-1/2